Simhãsana Dvãtrimsíkã Thirty-two tales of the Throne of Vikramaditya

Wedi'i Gadw mewn:
Manylion Llyfryddiaeth
Prif Awdur: Simhãsana Dvãtrimsíkã
Fformat: Llyfr
Iaith:Undetermined
Cyhoeddwyd: New Delhi, India Penguin Books 1998
Pynciau:
Tagiau: Ychwanegu Tag
Dim Tagiau, Byddwch y cyntaf i dagio'r cofnod hwn!
Thư viện lưu trữ: Trung tâm Học liệu Trường Đại học Cần Thơ
LEADER 00648nam a2200193Ia 4500
001 CTU_34017
008 210402s9999 xx 000 0 und d
082 |a 891.2 
082 |b S587 
100 |a Simhãsana Dvãtrimsíkã 
245 0 |a Simhãsana Dvãtrimsíkã 
245 0 |b Thirty-two tales of the Throne of Vikramaditya 
245 0 |c Simhãsana Dvãtrimsíkã; Dịch giả: Aditrya Narayan Dhairyasheel Haksar 
260 |a New Delhi, India 
260 |b Penguin Books 
260 |c 1998 
650 |a folk literature, indic,indic literature 
904 |i Minh, 991118 
980 |a Trung tâm Học liệu Trường Đại học Cần Thơ